000 00769nam a2200241Ia 4500
001 8637
003 GE_BSU
008 181216s||||||||xx |||||||||||||| ||und||
040 _cGE_BSU
080 _a821.353.1-1
100 _aთებიძე, რეზო
245 _aგაუმხელელი ფიქრები
245 _bლექსები
245 _cრედ.: ჯემალ სურმანიძე; მხატვ.:რედ.: გურამ გუჯაბიძე
260 _aბათუმი
260 _bაჭარა
260 _c2001
300 _a118 გვ; 13 სმ.
541 _h3ლ.
653 _aგაუმხელელი ფიქრები
653 _aლექსები
942 _cBK
999 _c41953
_d41953